000 00608nam a2200241 a 4500
003 AR-BaBNM
005 20251128205325.0
008 082120s2002 ||||||||||||||000 | spa||
020 _a0-19-432455-9
040 _cAR-BaBNM
100 1 _aNolasco, Rob
245 0 0 _aWow!
_bwindow on the world : workbook 2
260 _aOxford
_bOxford University Press
_c1993
300 _a64 p.
_bil.
650 4 _aINGLES
650 4 _aENSEƑANZA DE IDIOMAS
650 4 _aADOLESCENTES
650 4 _aACTIVIDADES DE APRENDIZAJE
650 4 _aGRAMATICA
650 4 _aLIBROS DE TEXTO
942 _cBK
998 _cmau
999 _c10926
_d10926